Hidráulica de tuberías: abastecimiento de agua, redes, riegos

Wedi'i Gadw mewn:
Manylion Llyfryddiaeth
Prif Awdur: Saldarriaga, Juan (Awdur)
Fformat: Llyfr
Iaith:Sbaeneg
Cyhoeddwyd: Bogotá Alfaomega 2007
Pynciau:
Tagiau: Ychwanegu Tag
Dim Tagiau, Byddwch y cyntaf i dagio'r cofnod hwn!

MARC

LEADER 00000nam a2200000 a 4500
001 UCI5880
003 CL-VaPUC
008 080411e20070000CK |||||||||||||||||spa|d
020 |a 9789586826808 
082 0 4 |a 627  |b SAL  |2 21 
100 0 |a Saldarriaga, Juan  |e author  |9 528502 
245 1 0 |a Hidráulica de tuberías: abastecimiento de agua, redes, riegos 
300 |a 671 p 
942 |c BK 
945 |d 20080411 00:00:00  |a cmena 
260 |a Bogotá  |b Alfaomega  |c 2007 
650 0 |a Ingeniería hidráulica  |9 260281 
650 0 |a Abastecimiento de agua  |9 260374 
650 0 |a Agua potable   |9 260375 
650 0 |a Tuberías  |9 259420 
650 7 |a DISTRIBUCION DE AGUA  |2 CL-VaPUC  |9 364346 
650 7 |a MAQUINARIA HIDRAULICA  |2 CL-VaPUC  |9 528503 
583 |a last modification  |c 20130421 11:30:51  |k Rodrigo Vera 
999 |c 329527  |d 329525 
952 |0 0  |1 0  |4 0  |6 627_000000000000000_SAL_2007  |7 0  |8 A  |9 414330  |a BIBING  |b BIBING  |d 2019-11-22  |i 4429559  |l 3  |m 2  |o 627 SAL 2007  |p 4429559  |q 2023-06-16  |r 2022-05-13  |s 2022-05-13  |w 2019-11-22  |y BK  |k CCL 
952 |0 0  |1 0  |4 0  |6 627_000000000000000_SAL_2007  |7 0  |8 A  |9 414331  |a BIBMEC  |b BIBMEC  |d 2019-11-22  |i 4507134  |o 627 SAL 2007  |p 4507134  |r 2024-01-19  |w 2019-11-22  |y BK  |k MEC 
952 |0 0  |1 0  |4 0  |6 627_000000000000000_SAL_2007  |7 0  |8 A  |9 414332  |a BIBMEC  |b BIBMEC  |d 2019-11-22  |i 4650077  |l 2  |o 627 SAL 2007  |p 4650077  |r 2024-01-19  |s 2023-03-23  |w 2019-11-22  |y BK  |k MEC 
952 |0 0  |1 0  |4 0  |6 627_000000000000000_SAL_2007  |7 0  |8 A  |9 414336  |a BIBMEC  |b BIBMEC  |d 2019-11-22  |i 4741714  |o 627 SAL 2007  |p 4741714  |r 2019-11-22  |w 2019-11-22  |y BK  |k MEC